Tunnista asia #3 - Statistics

Yleistilastot
  • Tätä visaa on pelattu 181 kertaa
    162 viimeisimmän päivityksen jälkeen
  • Keskiarvotulos 12 / 20
Vastaustilastot
Kuvavisa Vastaus % Oikein
MobilePay
86%
Hay Day
83%
Karhukopla
82%
Huuto
76%
Ringette
74%
Xbox 360
73%
hunajameloni
71%
vesinokkaeläin
71%
arkkupakastin
69%
keto-orvokki
69%
Josif Stalin
68%
Rubiini
67%
tuomari
63%
Mini Cooper E
62%
Risto räppääjä ja polkupyörävaras
62%
Ilo
56%
Espoon Blues
38%
Akinator
30%
Oukki Doukki salmiakki
17%
Tropicana-pitsa
15%
Ehtoja vastaavia visoja ei löytynyt
Tulosjakauma
Jokaisen tuloksen saaneiden osuus
Persentiili vastausten määrän mukaan
Tuloshistoriasi
Et ole pelannut tätä visaa sen viimeisimmän päivityksen jälkeen